| 000 | 00450cam a2200181ua 4500 | ||
|---|---|---|---|
| 020 | _c4.00 | ||
| 041 |
_ahin _h |
||
| 082 |
_a891.43 _bUDA/HI |
||
| 100 | _aUdayanarayan, Tiwari . | ||
| 245 |
_aHindi bhasha tadha sahithya / _cUdayanarayan Tiwari. _hTextual Documents |
||
| 250 |
_a5 / _b. |
||
| 260 |
_aDelhi : _bRajkamal Prakashan , _c1961. |
||
| 300 | _a267 ; . | ||
| 365 | _a4.00 | ||
| 504 | _a | ||
| 942 | _cBK | ||
| 999 |
_c12153 _d12153 |
||